Normal view
MARC view
- السينما - إنتاج وإخراج - الولايات المتحدة الأمريكية - ستانلي كوبريك
Entry Topical Term
001 - CONTROL NUMBER
- control field: 24670
003 - CONTROL NUMBER IDENTIFIER
- control field: JO-AjAnu
005 - DATE AND TIME OF LATEST TRANSACTION
- control field: 20230606074227.0
008 - FIXED-LENGTH DATA ELEMENTS
- fixed length control field: 230606|| aca||aabn | a|a d
040 ## - CATALOGING SOURCE
- Original cataloging agency: JO-AjAnu
- Transcribing agency: JO-AjAnu
150 ## - HEADING--TOPICAL TERM
- Topical term or geographic name entry element: السينما - إنتاج وإخراج - الولايات المتحدة الأمريكية - ستانلي كوبريك
670 ## - SOURCE DATA FOUND
- Source citation: Work cat.: (JO-AjAnu)12691: تأليف لوبروتو، فنسنت ؛ ترجمة علام خضر , author 24669, ستانلي كوبريك: سيرة حياته وأعماله